|
|
|
|
| LEADER |
00000nab a2200000 a 4500 |
| 001 |
vtls000630619 |
| 003 |
SK-MaSNL |
| 005 |
20260304091724.0 |
| 008 |
250425c1997 xo 0 slo |
| 015 |
|
|
|a SNBRB19rr/mm-uuuuu
|
| 035 |
|
|
|a CL0630758
|
| 035 |
|
|
|a urn:nbn:sk:snk-abajbl
|
| 035 |
|
|
|a (urnnbn)urn:nbn:sk:snk:ar-008b4i
|
| 035 |
|
|
|a (uuid)e3ca9119-a274-4379-b0a1-c30411bad3a3
|
| 040 |
|
|
|a SNKBUCL
|b slo
|c SNKBUCL
|e AACR2
|
| 041 |
0 |
|
|a slo
|
| 044 |
|
|
|a xo
|c SK
|
| 080 |
|
|
|a 82:929:885.4
|2 1981
|
| 080 |
|
|
|a 885.4
|2 1981
|
| 100 |
1 |
|
|a Hudák, Pavol,
|d 1959-2011
|4 aut
|9 237890
|
| 245 |
1 |
0 |
|a Mysli si, čo chceš, ale ži
|b hovoríme s básnikom Pavlom Hudákom
|c Pavol Hudák, Jozef Urban
|
| 300 |
|
|
|b Fotogr. 2
|
| 600 |
1 |
7 |
|a Hudák, Pavol,
|d 1959-2011
|2 snkbucl
|9 237890
|
| 655 |
|
7 |
|a rozhovory
|2 snkbucl
|9 31831
|
| 655 |
|
7 |
|a články z novín a časopisov
|2 snkbucl
|9 267496
|
| 700 |
1 |
|
|a Urban, Jozef,
|d 1964-1999
|4 aut
|9 101881
|
| 773 |
0 |
|
|t Literárny týždenník
|g Roč. 10, č. 25 (1997), s. 1 a 10
|x 0862-5999
|
| 850 |
|
|
|a Slovenská národná knižnica
|
| 852 |
|
|
|a Slovenská národná knižnica
|
| 954 |
|
|
|a odborná, vedecká literatúra pôvodná (slovenská)
|2 lita
|
| 958 |
|
|
|a article14
|
| 958 |
|
|
|a LX
|
| 958 |
|
|
|a SK
|
| 958 |
|
|
|a RK
|
| 958 |
|
|
|a OND
|
| 958 |
|
|
|a EUIPO
|
| 992 |
|
|
|a RBX
|
| 999 |
|
|
|c 2816563
|d 2818493
|